Pembubaran perkahwinan mengikut fiqh dan undang-undang keluarga Islam di Malaysia : satu kajian kes di Kuala Terengganu /
Saved in:
| Main Author: | |
|---|---|
| Format: | Thesis Book |
| Language: | Malay |
| Published: |
1988.
|
| Subjects: | |
| Tags: |
Add Tag
No Tags, Be the first to tag this record!
|
| LEADER | 01321cam a2200301 a 4500 | ||
|---|---|---|---|
| 001 | u93846 | ||
| 003 | SIRSI | ||
| 008 | 910612s1988 my at 00 1 may m | ||
| 035 | |a AAK-2498 | ||
| 040 | |a UMM | ||
| 043 | |a a-my-tr | ||
| 090 | |a BP158 |b F1Sali | ||
| 091 | |a Microfilm 2489 | ||
| 100 | 0 | 0 | |a Salleh Ismail. |
| 245 | 1 | 0 | |a Pembubaran perkahwinan mengikut fiqh dan undang-undang keluarga Islam di Malaysia : |b satu kajian kes di Kuala Terengganu / |c oleh Salleh bin Ismail. |
| 260 | 1 | |c 1988. | |
| 300 | |a xx, 345, (36) leaves ; |c 29 cm. | ||
| 500 | |a Also available on microfilm. Kuala Lumpur : Perpustakaan Universiti Malaya, 1996. 1 reel : negative ; 35 mm. | ||
| 502 | |a Dissertation (M. Syariah) -- Fakulti Syariah, Akademi Islam, Universiti Malaya, 1989. | ||
| 504 | |a Bibliography: leaves 327-345. | ||
| 650 | 0 | |a Marriage (Islamic law) |z Malaysia. | |
| 650 | 0 | |a Family law (Islamic law) |z Malaysia. | |
| 650 | 0 | |a Divorce (Islamic law) |z Malaysia. | |
| 710 | 2 | 0 | |a Universiti Malaya. |b Akademi Islam. |b Fakulti Syariah. |
| 948 | |a 13/08/1991 |b 25/11/2000 | ||
| 596 | |a 1 | ||
| 999 | |a BP158 F1SALI |w LC |c 1 |i A505807505 |d 20/7/2017 |e 20/7/2017 |l TESIS |m P01UTAMA |n 82 |r Y |s Y |t TESIS |u 18/10/1991 | ||
| 999 | |a MICROFILM 2489,2490,2493,2497,2521 |w LC |c 1 |i A516669701 |d 28/9/2016 |f 28/9/2016 |g 1 |l MIKROFILM |m P01UTAMA |r Y |s Y |t MIKROFILEM |u 28/9/2016 | ||
